000
00252nam a2200109Ia 4500
008
190216s9999||||xx |||||||||||||| ||und||
100
_a
Booth Mooney
245
0
_a
Lindende Johnson Katha
260
_b
Current Books
650
_a
Athmakadha
942
_c
BK
999
_c
24454
_d
24454